Management information systems : (Record no. 526993)

000 -LEADER
fixed length control field 01370cam a2200361 i 4500
001 - CONTROL NUMBER
control field 19343630
003 - CONTROL NUMBER IDENTIFIER
control field NUST
005 - DATE AND TIME OF LATEST TRANSACTION
control field 20190718065613.0
008 - FIXED-LENGTH DATA ELEMENTS--GENERAL INFORMATION
fixed length control field 161021s2018 nyu b 001 0 eng
010 ## - LIBRARY OF CONGRESS CONTROL NUMBER
LC control number 2016048325
020 ## - INTERNATIONAL STANDARD BOOK NUMBER
International Standard Book Number 0134639715
020 ## - INTERNATIONAL STANDARD BOOK NUMBER
International Standard Book Number 9789352865475
038 ## - RECORD CONTENT LICENSOR
Staff Name Arshad
040 ## - CATALOGING SOURCE
Original cataloging agency DLC
Language of cataloging eng
Transcribing agency DLC
Description conventions rda
Modifying agency DLC
042 ## - AUTHENTICATION CODE
Authentication code pcc
050 00 - LIBRARY OF CONGRESS CALL NUMBER
Classification number T58.6
Item number .L376 2018
082 00 - DEWEY DECIMAL CLASSIFICATION NUMBER
Classification number 658.4/038011
Author Mark LAU
100 1# - MAIN ENTRY--PERSONAL NAME
Personal name Laudon, Kenneth C.,
9 (RLIN) 18040
245 10 - TITLE STATEMENT
Title Management information systems :
Remainder of title managing the digital firm /
Statement of responsibility, etc. Kenneth C. Laudon, New York University, Jane P. Laudon, Azimuth Information Systems.
250 ## - EDITION STATEMENT
Edition statement Fifteenth Edition.
264 #1 - PRODUCTION, PUBLICATION, DISTRIBUTION, MANUFACTURE, AND COPYRIGHT NOTICE
Place of production, publication, distribution, manufacture NY NY :
Name of producer, publisher, distributor, manufacturer Pearson,
Date of production, publication, distribution, manufacture, or copyright notice 2018.
300 ## - PHYSICAL DESCRIPTION
Extent xxviii, 590 (G-1 - G-12, i-1 - 1-48) p. :
Dimensions 29 cm
336 ## - CONTENT TYPE
Content type term text
Content type code txt
Source rdacontent
337 ## - MEDIA TYPE
Media type term unmediated
Media type code n
Source rdamedia
338 ## - CARRIER TYPE
Carrier type term volume
Carrier type code nc
Source rdacarrier
500 ## - GENERAL NOTE
General note Revised edition of the authors' Management information systems, [2016]
504 ## - BIBLIOGRAPHY, ETC. NOTE
Bibliography, etc. note Includes bibliographical references and index.
650 #0 - SUBJECT ADDED ENTRY--TOPICAL TERM
Topical term or geographic name entry element Management information systems.
9 (RLIN) 18041
700 1# - ADDED ENTRY--PERSONAL NAME
Personal name Laudon, Jane P.
Fuller form of name (Jane Price),
Relator term author.
9 (RLIN) 18042
906 ## - LOCAL DATA ELEMENT F, LDF (RLIN)
a 7
b cbc
c orignew
d 1
e ecip
f 20
g y-gencatlg
942 ## - ADDED ENTRY ELEMENTS (KOHA)
Source of classification or shelving scheme
Koha item type Book
Holdings
Withdrawn status Lost status Source of classification or shelving scheme Damaged status Not for loan Permanent Location Current Location Shelving location Date acquired Source of acquisition Cost, normal purchase price Total Checkouts Full call number Barcode Date last seen Copy number Price effective from Koha item type
          NUST Baluchistan Campus (NBC) NUST Baluchistan Campus (NBC) Book Cart 07/18/2019 Purchased 0.00   658.4/038011 LAU Q-67 07/18/2019 1 07/18/2019 Book
© 2023 Central Library, National University of Sciences and Technology. All Rights Reserved.